Mercadotecnia (Registro nro. 2898)

Detalles MARC
000 -LEADER
fixed length control field 01842 a2200217 4500
001 - CONTROL NUMBER
control field 38538
005 - DATE AND TIME OF LATEST TRANSACTION
control field 20260407155648.0
008 - FIXED-LENGTH DATA ELEMENTS--GENERAL INFORMATION
fixed length control field 260407a1973 arg spa d
003 - CONTROL NUMBER IDENTIFIER
control field AR-UNSa-BCEJYS
040 ## - CATALOGING SOURCE
Original cataloging agency AR-UNSa-BCEJYS
Language of cataloging spa
Transcribing agency AR-UNSa-BCEJYS
080 ## - UNIVERSAL DECIMAL CLASSIFICATION NUMBER
Universal Decimal Classification number 658.8.012.12
Common auxiliary subdivision Investigación de mercados
041 ## - LANGUAGE CODE
Language code of text/sound track or separate title spa
100 1# - MAIN ENTRY--PERSONAL NAME
Personal name Agut Armer, Vicente
245 10 - TITLE STATEMENT
Title Mercadotecnia
Name of part/section of a work introducción y principios
264 #1 - PRODUCTION, PUBLICATION, DISTRIBUTION, MANUFACTURE, AND COPYRIGHT NOTICE
Place of production, publication, distribution, manufacture México :
Name of producer, publisher, distributor, manufacturer Interamericana
Date of production, publication, distribution, manufacture, or copyright notice 1973
300 ## - PHYSICAL DESCRIPTION
Extent x, 488 p.
Dimensions 24 cm.
505 ## - FORMATTED CONTENTS NOTE
Formatted contents note Parte I: Antecedentes para el estudio de la mercadotecnia : 1 ¿Que es la mercdotecnia? - 2. La mercdotecnia: ¿ Un esterotipo ? - 3. Fundamentos sociales y económicos de la mercadotecnia - Parte II: La mercadotecnia y la reglamentación formal: 4. Los mensajes egañosos y la sociedad - 5. La expansión de los negocios, la mercadotecnia y la sociedad - 6. La discriminación por los precios, la mercadotecnia y la sociedad - 7. Naturaleza de los patrones de consumo - 8. Determinantes del comportamiento de los consumidores - 9. Determinantes del comportamiento de los consumidores - 10. La oportunidad de hacer negocios y la estimación del mercado - 11. Investigación de mercado - 12. La competencia en la afluencia mixta - 13. Estrategia general de la mercadotecnia - 14. Los canales de mercadotecnia Por que se crean - 15. Canales de distribución: Tipos y componentes - 16. Teorias sobre el cambio en las instituciones - 17. Logistica y distribución física - 18. Los medios de difusión la publicidad y la sociedad - 19. Eficacia en la promoción - 20. Los productos y la sociedad - 21. Teorias sobre la fijación de precios - 22. El precio: percepciones y estructura - 23. Algunos problemas especiales de la fijación de precios.
590 ## - LOCAL NOTE (RLIN)
Local note niveau_biblio:m niveau_hierar:0
700 1# - ADDED ENTRY--PERSONAL NAME
Personal name Gist, Ronald R.
942 ## - ADDED ENTRY ELEMENTS (KOHA)
Koha item type
Existencias
Withdrawn status Lost status Damaged status Not for loan Home library Current library Shelving location Date acquired Total checkouts Full call number Barcode Date last seen Price effective from Koha item type
        Biblioteca Prof. Eusebio Cleto del Rey Biblioteca Prof. Eusebio Cleto del Rey   07/04/2026   658.8.012.12 G531 L33582 07/04/2026 07/04/2026 Libro